Statistics for What is this country best at?

Click here to take the quiz!

General Stats

  • This quiz has been taken 34 times
  • The average score is 2 of 6

Answer Stats

QuestionAnswer% Correct
Sweden has...the highest percentage of the population seeing religion as unimportant in daily life
62%
The Vatican City has...the most police officers per capita
46%
Togo has...the smallest amount of vehicles per capita
46%
Bahrain...produces the least potatos per year
19%
Belgium has...the highest amount of unique land borders with other countries
19%
Switzerland has...the highest Big Mac Index
8%

Score Distribution

Percentile by Number Answered

Percent of People with Each Score

Your Score History

You have not taken this quiz